[Event "XXVII Open Internacional Ayuntamiento de Erandio"]
[Site "Erandio"]
[Date "2018.12.15"]
[Round "1"]
[Board "1"]
[White "Trigo Urquijo, Sergio"]
[Black "Calleja Gonzalez, Unai"]
[Result "1-0"]
[WhiteElo "2373"]
[BlackElo "1695"]
[PlyCount "93"]
[EventDate "2018.12.15"]
[EventRounds "8"]
[EventCountry "ESP"]

1. e4 g6 2. d4 Bg7 3. c4 d6 4. Ne2 Nf6 5. f3 b6 6. Be3 Nbd7 7. Qd2 Bb7 8. Nbc3
Rc8 9. g4 h5 10. g5 Nh7 11. O-O-O c5 12. d5 Ne5 13. Ng1 Nf8 14. h3 f6 15. f4
Nf7 16. h4 Rb8 17. Bd3 Bc8 18. Nge2 Bg4 19. Rdf1 Qc8 20. Ng3 fxg5 21. hxg5 a6
22. Be2 Bxe2 23. Ngxe2 b5 24. f5 Be5 25. Nf4 Bxc3 26. Qxc3 b4 27. Qc2 Ne5 28.
fxg6 Nfxg6 29. Rxh5 Rxh5 30. Nxh5 Qh3 31. Ng7+ Kd8 32. Re1 Kc7 33. Kb1 Qg3 34.
Qe2 b3 35. Ne6+ Kd7 36. axb3 Rxb3 37. Ka2 Rb4 38. Rc1 Ng4 39. Rc3 Nxe3 40. Rxe3
Qg1 41. Ra3 Qc1 42. b3 Qc3 43. Qb2 Qe3 44. Rxa6 Ne5 45. Ra8 Nc6 46. dxc6+ Kxe6
47. c7  1-0

[Event "XXVII Open Internacional Ayuntamiento de Erandio"]
[Site "Erandio"]
[Date "2018.12.15"]
[Round "1"]
[Board "2"]
[White "Valverde Urbano, Alejandro"]
[Black "Prieto Aranguren, Alain"]
[Result "0-1"]
[WhiteElo "1647"]
[BlackElo "2242"]
[PlyCount "87"]
[EventDate "2018.12.15"]
[EventRounds "8"]
[EventCountry "ESP"]

1. d4 Nf6 2. Nf3 g6 3. Bf4 c5 4. e3 cxd4 5. exd4 d5 6. Be2 Nc6 7. O-O Qb6 8.
Nc3 a6 9. Na4 Qd8 10. Nc3 Bg7 11. Qd2 O-O 12. Rad1 Bf5 13. Ne5 Rc8 14. a3 Na5
15. Rfe1 b5 16. Bd3 Bxd3 17. Nxd3 Nc4 18. Qc1 e6 19. h3 Nd7 20. Bh6 Nxa3 21.
Bxg7 Kxg7 22. Qf4 Nc4 23. Ra1 Qb6 24. Ra2 a5 25. Rea1 Ra8 26. b3 Nd6 27. Kh2
Rfc8 28. Ne2 Nb7 29. Nb4 Qc7 30. Qxc7 Rxc7 31. Nd3 Rac8 32. c3 Nf6 33. f3 Ne8
34. Kg3 Ned6 35. Kf4 f6 36. g4 h5 37. Ke3 Rh8 38. Ndf4 hxg4 39. hxg4 Rh2 40.
Re1 g5 41. Nd3 a4 42. Nc5 Nxc5 43. dxc5 axb3 44. cxd6  0-1

[Event "XXVII Open Internacional Ayuntamiento de Erandio"]
[Site "Erandio"]
[Date "2018.12.15"]
[Round "1"]
[Board "3"]
[White "Arias Garcia, Luis Javier"]
[Black "Agirregomozkorta Etxezarreta, J"]
[Result "1-0"]
[WhiteElo "2168"]
[BlackElo "1642"]
[PlyCount "55"]
[EventDate "2018.12.15"]
[EventRounds "8"]
[EventCountry "ESP"]

1. e4 d5 2. exd5 Nf6 3. d4 Bg4 4. f3 Bf5 5. c4 e6 6. dxe6 Qe7 7. Nc3 Qxe6+ 8.
Nge2 Bb4 9. Qa4+ Nc6 10. d5 Nxd5 11. cxd5 Qxd5 12. Qxb4 Nxb4 13. Nxd5 Nxd5 14.
Nd4 Bg6 15. Bd2 O-O-O 16. O-O-O h6 17. g3 a6 18. Bh3+ Kb8 19. Rhe1 Rd6 20. Bf5
Bxf5 21. Nxf5 Rc6+ 22. Kb1 g6 23. Nxh6 f6 24. h4 Rh7 25. Ng4 Rd7 26. Ne3 Nb6
27. Bc3 Re7 28. Ng4  1-0

[Event "XXVII Open Internacional Ayuntamiento de Erandio"]
[Site "Erandio"]
[Date "2018.12.15"]
[Round "1"]
[Board "4"]
[White "Berasategui Morillo, Alberto"]
[Black "Sadusea, Johnny Fernando"]
[Result "0-1"]
[WhiteElo "1637"]
[BlackElo "2130"]
[PlyCount "70"]
[EventDate "2018.12.15"]
[EventRounds "8"]
[EventCountry "ESP"]

1. e4 c5 2. Nf3 d6 3. d4 cxd4 4. Nxd4 Nf6 5. Nc3 a6 6. g3 e5 7. Nde2 Be6 8. Bg2
Nbd7 9. h3 b5 10. a3 Be7 11. Be3 O-O 12. O-O Rc8 13. g4 Nb6 14. b3 Nfd7 15. Nd5
Bxd5 16. exd5 Bg5 17. Bxg5 Qxg5 18. Ng3 Nc5 19. Rc1 g6 20. c4 bxc4 21. bxc4 f5
22. gxf5 gxf5 23. Qe2 f4 24. Qh5 Qxh5 25. Nxh5 Ncd7 26. Rb1 Rxc4 27. Rfd1 e4
28. Bf1 Rc2 29. Rd4 Rf5 30. Rxe4 Rxh5 31. Rxf4 Ne5 32. Kh2 Ng6 33. Rfb4 Nxd5
34. Bc4 Rxf2+ 35. Kg3 Rff5  0-1

[Event "XXVII Open Internacional Ayuntamiento de Erandio"]
[Site "Erandio"]
[Date "2018.12.15"]
[Round "1"]
[Board "5"]
[White "Toledo Sanz, Imanol"]
[Black "Fernandez Amezaga, Karmelo"]
[Result "1-0"]
[WhiteElo "2074"]
[BlackElo "1631"]
[PlyCount "65"]
[EventDate "2018.12.15"]
[EventRounds "8"]
[EventCountry "ESP"]

1. e4 c5 2. Nf3 Nc6 3. d4 cxd4 4. Nxd4 e5 5. Nb5 a6 6. Nd6+ Bxd6 7. Qxd6 Qf6 8.
Qxf6 Nxf6 9. Nc3 Nb4 10. Bd3 Nxd3+ 11. cxd3 b5 12. Bg5 b4 13. Bxf6 bxc3 14.
Bxe5 cxb2 15. Bxb2 d5 16. Bxg7 Rg8 17. Be5 dxe4 18. dxe4 Bb7 19. O-O Bxe4 20.
Bg3 Bd5 21. Rfe1+ Kf8 22. Re5 Bc4 23. Rc5 Bd3 24. Rd1 Bg6 25. f4 f5 26. Rd6 Rg7
27. Bh4 Rb7 28. Bf6 Rb4 29. Be5 a5 30. Rc7 Rb1+ 31. Kf2 a4 32. Rdd7 Rb6 33.
Bd6+  1-0

[Event "XXVII Open Internacional Ayuntamiento de Erandio"]
[Site "Erandio"]
[Date "2018.12.15"]
[Round "1"]
[Board "6"]
[White "Gordon Aguirre, Francisco J"]
[Black "Hernandez Garcia, Maximo"]
[Result "0-1"]
[WhiteElo "1574"]
[BlackElo "2003"]
[PlyCount "50"]
[EventDate "2018.12.15"]
[EventRounds "8"]
[EventCountry "ESP"]

1. e4 e5 2. Nf3 Nc6 3. Nc3 Nf6 4. d3 Be7 5. Be2 O-O 6. O-O d5 7. exd5 Nxd5 8.
Bd2 Nf4 9. Nxe5 Nxe2+ 10. Qxe2 Nd4 11. Qd1 Bf6 12. Nc4 b5 13. Ne3 Bb7 14. Ne4
Be7 15. Bc3 f5 16. Nd2 f4 17. Ng4 f3 18. Bxd4 Qxd4 19. Ne3 Qf4 20. g3 Qh6 21.
Re1 Qh3 22. Ndf1 Bg5 23. c3 Rae8 24. Qb3+ Kh8 25. Qxb5 Bxe3  0-1

[Event "XXVII Open Internacional Ayuntamiento de Erandio"]
[Site "Erandio"]
[Date "2018.12.15"]
[Round "1"]
[Board "7"]
[White "Villanueva Arguinberri, Bruno"]
[Black "Montes Gimenez, Mencia"]
[Result "1-0"]
[WhiteElo "2001"]
[BlackElo "1565"]
[PlyCount "74"]
[EventDate "2018.12.15"]
[EventRounds "8"]
[EventCountry "ESP"]

1. e4 c6 2. d4 g6 3. Nc3 Bg7 4. Be3 d6 5. Bc4 Nf6 6. f3 O-O 7. Bb3 Na6 8. Qd2
Re8 9. h4 h5 10. Nh3 Bxh3 11. Rxh3 e5 12. d5 Nc7 13. Bg5 Qd7 14. Rh1 cxd5 15.
Bxd5 Nfxd5 16. Nxd5 Nxd5 17. Qxd5 Rac8 18. c3 Rc5 19. Qd2 Rec8 20. Be3 Ra5 21.
Kf2 d5 22. b4 Ra3 23. Rhc1 d4 24. cxd4 Rxc1 25. Rxc1 exd4 26. Bf4 Qe6 27. Kg1
Rxa2 28. Qd3 Rb2 29. Bd2 Qa2 30. Rd1 Bh6 31. f4 Qb3 32. Qf1 Qg3 33. e5 Rxd2 34.
Rxd2 Bxf4 35. Rd3 Be3+ 36. Rxe3 Qxe3+ 37. Kh1 Qxe5  1-0

[Event "XXVII Open Internacional Ayuntamiento de Erandio"]
[Site "Erandio"]
[Date "2018.12.15"]
[Round "1"]
[Board "8"]
[White "Asensio Arino, Juan Angel"]
[Black "Rodriguez Gonzalez, Alex"]
[Result "0-1"]
[WhiteElo "1533"]
[BlackElo "1984"]
[PlyCount "98"]
[EventDate "2018.12.15"]
[EventRounds "8"]
[EventCountry "ESP"]

1. d4 d5 2. e3 c5 3. c3 Nc6 4. f4 Nf6 5. Nf3 c4 6. Be2 b5 7. a3 Na5 8. Nbd2 Ng4
9. Nf1 Nb3 10. Rb1 Bf5 11. N3d2 Bxb1 12. Nxb1 Nf6 13. Nfd2 Nxd2 14. Nxd2 a5 15.
Bf3 e6 16. O-O Bd6 17. e4 Bxf4 18. exd5 Nxd5 19. Ne4 Be3+ 20. Kh1 Bxc1 21. Qxc1
Rb8 22. Ng5 Nf6 23. Bc6+ Kf8 24. Qe3 h6 25. Nxe6+ fxe6 26. Qxe6 Qe7 27. Qf5 b4
28. d5 bxa3 29. bxa3 Rd8 30. h3 Kg8 31. Rd1 Ne4 32. Kg1 Rf8 33. Qg6 Qc5+ 34.
Kh2 Qd6+ 35. Qxd6 Nxd6 36. Re1 Kh7 37. Re6 Rf6 38. Re7 Rhf8 39. Ra7 Rf2 40.
Rxa5 Rc2 41. Bd7 Rff2 42. Bg4 Rxg2+ 43. Kh1 h5 44. Bf3 Rh2+ 45. Kg1 Rxh3 46.
Bd1 Rg3+ 47. Kf1 Rc1 48. Kf2 Ne4+ 49. Ke2 Nxc3+  0-1

[Event "XXVII Open Internacional Ayuntamiento de Erandio"]
[Site "Erandio"]
[Date "2018.12.15"]
[Round "1"]
[Board "9"]
[White "Uria Ramirez, Aitor"]
[Black "Caballero Acosta, Erlantz"]
[Result "0-1"]
[WhiteElo "1951"]
[BlackElo "1532"]
[PlyCount "133"]
[EventDate "2018.12.15"]
[EventRounds "8"]
[EventCountry "ESP"]

1. d4 e6 2. c4 f5 3. Nc3 Nf6 4. g3 c6 5. Bg2 d5 6. Nf3 Bd6 7. O-O O-O 8. Bf4
Bxf4 9. gxf4 Ne4 10. e3 Nd7 11. Qc2 Rf6 12. cxd5 exd5 13. Ne5 Rh6 14. f3 Nd6
15. Qf2 Qe8 16. b3 Qh5 17. Qg3 Nf6 18. Rac1 Be6 19. Na4 Nd7 20. Nc5 Nxc5 21.
Rxc5 Qh4 22. a4 Rd8 23. b4 a6 24. Rb1 Rc8 25. Rbc1 Rd8 26. R1c2 Kf8 27. Bf1 Bd7
28. Qxh4 Rxh4 29. Nxd7+ Rxd7 30. b5 axb5 31. axb5 Nxb5 32. Bxb5 cxb5 33. Rxb5
Rh6 34. Rcc5 Rhd6 35. Rc8+ Ke7 36. Rb8 Rc6 37. Rb3 Kf7 38. R8xb7 Rxb7 39. Rxb7+
Kf6 40. Kf2 Rd6 41. Rb8 Kf7 42. Rb7+ Kf6 43. Rb2 Kf7 44. Rb5 Kf6 45. Ke2 h6 46.
Kd3 g6 47. e4 fxe4+ 48. fxe4 dxe4+ 49. Kxe4 Re6+ 50. Re5 Rd6 51. f5 gxf5+ 52.
Rxf5+ Ke6 53. Re5+ Kf6 54. Rh5 Kg6 55. Rc5 Kf6 56. d5 Ke7 57. Rc7+ Kf6 58. Rc6
Ke7 59. Rxd6 Kxd6 60. Kd4 h5 61. h4 Kc7 62. Ke5 Kd7 63. Kf6 Kd6 64. Kg6 Kxd5
65. Kxh5 Ke6 66. Kg6 Ke7 67. Kg7  0-1

[Event "XXVII Open Internacional Ayuntamiento de Erandio"]
[Site "Erandio"]
[Date "2018.12.15"]
[Round "1"]
[Board "10"]
[White "Fernandez Villanueva, Javier"]
[Black "Garcia Rodriguez, Inaki"]
[Result "0-1"]
[WhiteElo "1530"]
[BlackElo "1938"]
[PlyCount "84"]
[EventDate "2018.12.15"]
[EventRounds "8"]
[EventCountry "ESP"]

1. d4 Nf6 2. Nf3 g6 3. c4 Bg7 4. Nc3 O-O 5. Bf4 b6 6. Qd2 Re8 7. Bh6 Bh8 8. h3
Bb7 9. g4 d5 10. cxd5 Nxd5 11. h4 c5 12. Rh3 cxd4 13. Nxd4 Nxc3 14. bxc3 Qc8
15. Nf5 Nd7 16. Rc1 Ne5 17. Qf4 gxf5 18. Qg5+ Ng6 19. gxf5 Bf6 20. Qg4 Kh8 21.
Rg3 Rg8 22. fxg6 Rxg6 23. Qxc8+ Rxc8 24. Rxg6 hxg6 25. Bg5 Bxc3+ {Pieza tocada}
26. Bd2 Bxd2+ 27. Kxd2 Rxc1 28. Kxc1 Kg7 29. Bh3 Kh6 30. Bd7 Bd5 31. a3 Kh5 32.
f3 Kxh4 33. e4 Bc4 34. Kd2 Kg3 35. Ke3 e5 36. Bg4 Be6 37. Bxe6 fxe6 38. a4 g5
39. Ke2 a6 40. Ke3 b5 41. axb5 axb5 42. Ke2 b4  0-1

[Event "XXVII Open Internacional Ayuntamiento de Erandio"]
[Site "Erandio"]
[Date "2018.12.16"]
[Round "2"]
[Board "1"]
[White "Fernandez-Rivera Ortiz, Igor"]
[Black "Trigo Urquijo, Sergio"]
[Result "0-1"]
[WhiteElo "1832"]
[BlackElo "2373"]
[PlyCount "48"]
[EventDate "2018.12.15"]
[EventRounds "8"]
[EventCountry "ESP"]

1. e4 e5 2. f4 d5 3. exd5 exf4 4. Nf3 Nf6 5. Bc4 Nxd5 6. O-O Be6 7. Bxd5 Qxd5
8. Nc3 Qf5 9. d4 Nc6 10. Ne5 Nxe5 11. Rxf4 Qg6 12. dxe5 Bc5+ 13. Kh1 Rd8 14.
Qe2 O-O 15. Ne4 Bd4 16. Ng5 Bxe5 17. Rh4 Bxb2 18. Bxb2 Qxg5 19. Rh5 Qg6 20. Rc5
c6 21. Rc3 Rd5 22. Rd1 Bg4 23. Rxd5 Bxe2 24. Rg3 cxd5  0-1

[Event "XXVII Open Internacional Ayuntamiento de Erandio"]
[Site "Erandio"]
[Date "2018.12.16"]
[Round "2"]
[Board "2"]
[White "Prieto Aranguren, Alain"]
[Black "Seoane Rodriguez, Unai"]
[Result "0-1"]
[WhiteElo "2242"]
[BlackElo "1808"]
[PlyCount "108"]
[EventDate "2018.12.15"]
[EventRounds "8"]
[EventCountry "ESP"]

1. d4 Nf6 2. c4 e6 3. Nc3 c5 4. d5 exd5 5. cxd5 d6 6. e4 g6 7. f4 Bg7 8. Bb5+
Nfd7 9. a4 a6 10. Bd3 O-O 11. Nf3 Qc7 12. O-O c4 13. Bc2 Nc5 14. Qe2 Nb3 15.
Bxb3 cxb3 16. Be3 Bg4 17. h3 Bxf3 18. Qxf3 Nd7 19. Rfc1 Qa5 20. Ra3 Nc5 21.
Bxc5 Qxc5+ 22. Kh2 Qb4 23. a5 f5 24. exf5 Rxf5 25. Ra4 Qc5 26. Rd1 Re8 27. Ne4
Qb5 28. Ra3 Rxf4 29. Nxd6 Qd7 30. Qxf4 Be5 31. Nxe8 Bxf4+ 32. Kh1 Qxe8 33. Rxb3
Qd7 34. d6 Bg5 35. Rc3 Bd8 36. b4 Kf7 37. Rf3+ Kg7 38. Rdd3 Bf6 39. Rf4 Be5 40.
Re4 Kf6 41. Rf3+ Ke6 42. Rd3 Qb5 43. Rd1 Kd7 44. Rh4 h5 45. Re4 Bxd6 46. Red4
Qe5 47. Kg1 Kc6 48. Rxd6+ Qxd6 49. Rxd6+ Kxd6 50. Kf2 Kd5 51. Ke3 Kc4 52. Kf4
Kxb4 53. Kg5 Kxa5 54. Kxg6 b5  0-1

[Event "XXVII Open Internacional Ayuntamiento de Erandio"]
[Site "Erandio"]
[Date "2018.12.16"]
[Round "2"]
[Board "3"]
[White "Martin Ibisate, Xabier"]
[Black "Arias Garcia, Luis Javier"]
[Result "0-1"]
[WhiteElo "1783"]
[BlackElo "2168"]
[PlyCount "46"]
[EventDate "2018.12.15"]
[EventRounds "8"]
[EventCountry "ESP"]

1. e4 c5 2. Nc3 Nc6 3. g3 g6 4. Bg2 Bg7 5. d3 d6 6. Be3 e5 7. Qd2 Be6 8. f4 Nd4
9. Nd1 exf4 10. gxf4 Nf6 11. Bxd4 cxd4 12. Qb4 Ng4 13. Nf3 O-O 14. h3 Ne3 15.
Nxe3 dxe3 16. Ke2 a5 17. Qb5 Rc8 18. c3 Rc5 19. Qxb7 Qf6 20. Kxe3 Bh6 21. Kf2
Qxf4 22. Rae1 Rg5 23. Kg1 Qxf3  0-1

[Event "XXVII Open Internacional Ayuntamiento de Erandio"]
[Site "Erandio"]
[Date "2018.12.16"]
[Round "2"]
[Board "4"]
[White "Sadusea, Johnny Fernando"]
[Black "Rubio Rodriguez, Luis"]
[Result "1/2-1/2"]
[WhiteElo "2130"]
[BlackElo "1782"]
[PlyCount "83"]
[EventDate "2018.12.15"]
[EventRounds "8"]
[EventCountry "ESP"]

1. g3 d5 2. Bg2 Nf6 3. f4 c5 4. Nf3 Nc6 5. d4 Bf5 6. c3 e6 7. Nbd2 Be7 8. O-O
O-O 9. Re1 Rc8 10. e3 Qc7 11. h3 h6 12. Nf1 Rfd8 13. Kh2 b5 14. g4 Be4 15. Ng3
cxd4 16. exd4 Bd6 17. Ne5 Bh7 18. Qe2 a6 19. Bd2 Ne7 20. Rf1 Ng6 21. Rae1 Re8
22. a3 Nd7 23. Qf2 Rf8 24. Nh5 Be7 25. Nxg6 Bxg6 26. Ng3 Bh4 27. Re3 Nf6 28.
Be1 Be4 29. Qe2 Bxg2 30. Qxg2 Bxg3+ 31. Bxg3 Qc4 32. f5 Ne4 33. Ref3 exf5 34.
Rxf5 Rce8 35. Re1 Re6 36. Rf3 Rfe8 37. Rfe3 h5 38. Qe2 Qb3 39. Qg2 Qc4 40. Qe2
Qb3 41. Qg2 Qc4 42. Qe2  1/2-1/2

[Event "XXVII Open Internacional Ayuntamiento de Erandio"]
[Site "Erandio"]
[Date "2018.12.16"]
[Round "2"]
[Board "5"]
[White "Salas Martin, Javier"]
[Black "Toledo Sanz, Imanol"]
[Result "0-1"]
[WhiteElo "1769"]
[BlackElo "2074"]
[PlyCount "138"]
[EventDate "2018.12.15"]
[EventRounds "8"]
[EventCountry "ESP"]

1. d4 Nf6 2. c4 c5 3. d5 e5 4. Nc3 d6 5. e4 Be7 6. Bd3 Nbd7 7. Nge2 Nf8 8. Ng3
Ng6 9. O-O O-O 10. a4 Ne8 11. Nce2 Bg5 12. f4 exf4 13. Nxf4 Ne5 14. Be2 g6 15.
Qc2 Nc7 16. Nd3 Nxd3 17. Qxd3 Na6 18. Qc3 Bxc1 19. Raxc1 f6 20. Rf2 Qe7 21.
Rcf1 Kg7 22. Bd3 Bd7 23. b3 Qe5 24. Qxe5 dxe5 25. h3 Rf7 26. Rf3 Raf8 27. R1f2
h5 28. Bb1 h4 29. Nf1 f5 30. Nd2 f4 31. Rc3 g5 32. Nf3 Kf6 33. Bd3 Rh8 34. Nh2
g4 35. hxg4 Rg7 36. Bf1 Ke7 37. Be2 Kd8 38. Kf1 Nc7 39. Rh3 Ne8 40. Bf3 Kc7 41.
Ke1 Nd6 42. Nf1 Kb6 43. Kd2 Ka5 44. Nh2 Kb4 45. Kc2 a6 46. Rf1 b5 47. axb5 axb5
48. Rb1 Bc8 49. Rb2 Ka5 50. Ra2+ Kb6 51. Kd3 Ba6 52. Kc3 bxc4 53. bxc4 Bxc4 54.
Rb2+ Bb5 55. g5 Rxg5 56. Ng4 c4 57. Nf2 Kc5 58. Rh1 Ba4 59. Ra2 Nb5+ 60. Kd2
Bb3 61. Ra6 c3+ 62. Kc1 Nd4 63. Ra7 Nxf3 64. Rc7+ Kd4 65. gxf3 Rg2 66. Rd1+
Bxd1 67. Nxd1 h3 68. Nxc3 h2 69. Nb5+ Ke3  0-1

[Event "XXVII Open Internacional Ayuntamiento de Erandio"]
[Site "Erandio"]
[Date "2018.12.16"]
[Round "2"]
[Board "6"]
[White "Gonzalez Llano, Federico"]
[Black "Villanueva Arguinberri, Bruno"]
[Result "0-1"]
[WhiteElo "1751"]
[BlackElo "2001"]
[PlyCount "86"]
[EventDate "2018.12.15"]
[EventRounds "8"]
[EventCountry "ESP"]

1. d4 d5 2. c4 e6 3. Nc3 Nf6 4. Bg5 Nbd7 5. a3 Be7 6. e3 O-O 7. Bd3 b6 8. Nf3
Bb7 9. Rc1 h6 10. Bf4 Nh5 11. cxd5 Nxf4 12. exf4 exd5 13. O-O c5 14. Bb1 Nf6
15. Ne5 cxd4 16. Qxd4 Bc5 17. Qd1 a5 18. Na4 Rc8 19. Bf5 Rc7 20. Qb3 d4 21. Nd3
Bd5 22. Qd1 Bxg2 23. Kxg2 Qd5+ 24. f3 Qxf5 25. b4 Nd5 26. Kf2 Nxf4 27. Naxc5
bxc5 28. Nxf4 Qxf4 29. Kg2 axb4 30. axb4 c4 31. Re1 Rd8 32. Re4 Qg5+ 33. Kf2 c3
34. f4 Qh4+ 35. Kg2 d3 36. b5 d2 37. Rc2 Re7 38. Rxe7 Qxe7 39. Kf1 Re8 40. Qf3
Qe1+ 41. Kg2 Re2+ 42. Kh3 Re3 43. Rxc3 Rxf3+  0-1

[Event "XXVII Open Internacional Ayuntamiento de Erandio"]
[Site "Erandio"]
[Date "2018.12.16"]
[Round "2"]
[Board "7"]
[White "Rodriguez Gonzalez, Alex"]
[Black "Svyatoslav, Vorobyev"]
[Result "1-0"]
[WhiteElo "1984"]
[BlackElo "1768"]
[PlyCount "75"]
[EventDate "2018.12.15"]
[EventRounds "8"]
[EventCountry "ESP"]

1. Nf3 Nf6 2. d4 e6 3. g3 c5 4. Bg2 cxd4 5. Nxd4 d5 6. O-O e5 7. Nb3 Be7 8. Bg5
Be6 9. c4 Nbd7 10. cxd5 Nxd5 11. Bxe7 Nxe7 12. Bxb7 Rb8 13. Bg2 O-O 14. Qd2 Qb6
15. Nc3 Rfd8 16. Na4 Qb5 17. Nc3 Qb4 18. Rfd1 a5 19. Qd6 Nf5 20. Qxb4 Rxb4 21.
Nd5 Rbb8 22. e4 a4 23. exf5 Bxd5 24. Bxd5 axb3 25. Bxb3 Nc5 26. Rxd8+ Rxd8 27.
Rd1 Rb8 28. Bc4 g6 29. fxg6 hxg6 30. b3 Ne4 31. Rd7 Rf8 32. a4 Kg7 33. a5 Kh6
34. Bxf7 Ra8 35. Bd5 Nf6 36. Bxa8 Nxd7 37. Bc6 Nb8 38. Bb7  1-0

[Event "XXVII Open Internacional Ayuntamiento de Erandio"]
[Site "Erandio"]
[Date "2018.12.16"]
[Round "2"]
[Board "8"]
[White "Bergara Ede, Josu"]
[Black "Galarza Docampo, Karmel"]
[Result "1/2-1/2"]
[WhiteElo "1713"]
[BlackElo "1903"]
[PlyCount "54"]
[EventDate "2018.12.15"]
[EventRounds "8"]
[EventCountry "ESP"]

1. d4 Nf6 2. Bf4 g6 3. e3 c5 4. c3 Qb6 5. Qb3 Bg7 6. Nf3 O-O 7. Be2 Nc6 8. Nbd2
Qxb3 9. axb3 d6 10. h3 Rd8 11. O-O e5 12. Bh2 e4 13. Ne1 cxd4 14. cxd4 d5 15.
Nc2 Bd7 16. Rfc1 Bf8 17. Nb1 Nb4 18. Nxb4 Bxb4 19. Nc3 Bc6 20. Bf4 Rdc8 21. Rc2
Nd7 22. Rac1 Nb6 23. Nb5 Bxb5 24. Bxb5 Rxc2 25. Rxc2 Rc8 26. Rxc8+ Nxc8 27. Bd7
Ne7  1/2-1/2

[Event "XXVII Open Internacional Ayuntamiento de Erandio"]
[Site "Erandio"]
[Date "2018.12.16"]
[Round "2"]
[Board "9"]
[White "Peteiro Osta, Luis Angel"]
[Black "Gutierrez Renedo, Manuel"]
[Result "0-1"]
[WhiteElo "1902"]
[BlackElo "1732"]
[PlyCount "95"]
[EventDate "2018.12.15"]
[EventRounds "8"]
[EventCountry "ESP"]

1. e4 e5 2. Nc3 Bc5 3. Nf3 d6 4. Na4 Bb6 5. Nxb6 axb6 6. d4 exd4 7. Nxd4 Nf6 8.
Bd3 h6 9. O-O O-O 10. f3 Nc6 11. c3 Ne5 12. Be2 Bd7 13. Be3 c5 14. Nb5 Bxb5 15.
Bxb5 d5 16. exd5 Nxd5 17. Bf2 Nc7 18. Be2 Qf6 19. Bg3 Ne6 20. Qd6 Nc6 21. Qd2
Rfd8 22. Qc2 Nf4 23. Rfe1 Rd7 24. Bf1 Rad8 25. Rad1 $11 Rxd1 26. Rxd1 Re8 27.
Bb5 g5 28. Bc4 Kg7 29. Re1 Rxe1+ 30. Bxe1 Qe5 31. Bf2 Na5 32. Bf1 Qd5 33. g3
Ne6 34. b4 Nc6 35. Bg2 Ne5 36. Qe2 Qd6 37. a3 f5 38. Qc2 Kf6 39. Qe2 {
} 39...
Qd3 40. Qxd3 Nxd3 41. Be3 f4 42. Bd2 Ne5 43. Kf2 Nc4 44. Bc1 Ke5 45. Ke2 Nd6
46. Kd3 c4+ 47. Ke2 Nb5 48. Kd2  0-1

[Event "XXVII Open Internacional Ayuntamiento de Erandio"]
[Site "Erandio"]
[Date "2018.12.16"]
[Round "2"]
[Board "10"]
[White "Garcia Bolanos, Irene"]
[Black "Sarralde Marco, Emilio"]
[Result "1-0"]
[WhiteElo "1430"]
[BlackElo "1833"]
[PlyCount "77"]
[EventDate "2018.12.15"]
[EventRounds "8"]
[EventCountry "ESP"]

1. e4 c5 2. Nc3 Nc6 3. g3 Nf6 4. Bg2 d6 5. d3 Bg4 6. f3 Bd7 7. Nge2 Nd4 8. O-O
e5 9. Bg5 Be7 10. f4 h6 11. Bxf6 Bxf6 12. Nd5 Bg4 13. Ndc3 Qd7 14. Qd2 O-O 15.
Nxd4 cxd4 16. Nd5 Bh3 17. Nxf6+ gxf6 18. fxe5 Bxg2 19. Kxg2 fxe5 20. Qxh6 Qg4
21. Rf5 f6 22. Raf1 Qg7 23. Qh4 Rac8 24. R1f2 Rc7 25. Rxf6 Rxf6 26. Qxf6 Qxf6
27. Rxf6 Rxc2+ 28. Rf2 Rc5 29. g4 d5 30. exd5 Rxd5 31. Re2 Ra5 32. b3 Rc5 33.
Kf3 Kg7 34. Ke4 Kf6 35. h4 Ke6 36. Rf2 Rc1 37. g5 Re1+ 38. Kf3 Re3+ 39. Kg2  1-0

[Event "XXVII Open Internacional Ayuntamiento de Erandio"]
[Site "Erandio"]
[Date "2018.12.17"]
[Round "3"]
[Board "1"]
[White "Trigo Urquijo, Sergio"]
[Black "Villanueva Arguinberri, Bruno"]
[Result "1-0"]
[WhiteElo "2373"]
[BlackElo "2001"]
[PlyCount "77"]
[EventDate "2018.12.15"]
[EventRounds "8"]
[EventCountry "ESP"]

1. d4 d5 2. c4 e6 3. Nc3 Nf6 4. cxd5 exd5 5. Bg5 Be7 6. e3 O-O 7. Bd3 h6 8. Bh4
c6 9. Qc2 Re8 10. Nge2 Nbd7 11. f3 c5 12. O-O c4 13. Bf5 Nb6 14. Bxc8 Rxc8 15.
Rae1 Qd7 16. Bf2 Bb4 17. Kh1 Re7 18. Ng3 g6 19. e4 dxe4 20. fxe4 Rce8 21. Re2
Bxc3 22. bxc3 Qa4 23. Qb1 Nfd5 24. Be1 Qa3 25. Qc2 Nc7 26. Bd2 Nb5 27. Rb1 a6
28. Rb4 Kh7 29. Rf2 Kg7 30. e5 Rc7 31. Bc1 Qa5 32. a4 Nxd4 33. Qd2 Ne6 34.
Qxh6+ Kg8 35. Rxb6 Qxb6 36. Ne4 Ng7 37. Nf6+ Kf8 38. Ba3+ Rc5 39. Nd7+  1-0

[Event "XXVII Open Internacional Ayuntamiento de Erandio"]
[Site "Erandio"]
[Date "2018.12.17"]
[Round "3"]
[Board "2"]
[White "Arias Garcia, Luis Javier"]
[Black "Seoane Rodriguez, Unai"]
[Result "1/2-1/2"]
[WhiteElo "2168"]
[BlackElo "1808"]
[PlyCount "108"]
[EventDate "2018.12.15"]
[EventRounds "8"]
[EventCountry "ESP"]

1. Nf3 Nf6 2. g3 g6 3. Bg2 Bg7 4. d4 c5 5. d5 d6 6. c4 e6 7. Nc3 exd5 8. cxd5
O-O 9. O-O a6 10. a4 Re8 11. Nd2 Nbd7 12. Re1 Rb8 13. a5 b5 14. axb6 Nxb6 15.
h3 Qc7 16. e4 Nfd7 17. f4 c4 18. Nf3 Nc5 19. Kh2 Nd3 20. Re2 Nd7 21. Qg1 N7c5
22. Ra3 Nxc1 23. Qxc1 Nd3 24. Qa1 f5 25. e5 dxe5 26. fxe5 Nxe5 27. Nd4 Bb7 28.
Ne6 Qd6 29. Ra4 Bf6 30. Qg1 Re7 31. Qe3 Rc8 32. Ra1 Nd3 33. Na4 Rce8 34. Nb6
Nxb2 35. Rf1 c3 36. Kh1 Bh8 37. g4 fxg4 38. hxg4 Bg7 39. Ref2 Na4 40. Qf3 Rxe6
41. Qf7+ Kh8 42. dxe6 Bxg2+ 43. Rxg2 Rf8 44. Nxa4 Rxf7 45. exf7 Qc6 46. f8=Q+
Bxf8 47. Rxf8+ Kg7 48. Rff2 Qxa4 49. Rc2 Qd4 50. Ra2 Qc4 51. Kh2 Kf6 52. Kg3
Ke5 53. Rgf2 Ke6 54. Rae2+ Kd6 {...}  1/2-1/2

[Event "XXVII Open Internacional Ayuntamiento de Erandio"]
[Site "Erandio"]
[Date "2018.12.17"]
[Round "3"]
[Board "3"]
[White "Toledo Sanz, Imanol"]
[Black "Gutierrez Renedo, Manuel"]
[Result "0-1"]
[WhiteElo "2074"]
[BlackElo "1732"]
[PlyCount "74"]
[EventDate "2018.12.15"]
[EventRounds "8"]
[EventCountry "ESP"]

1. Nf3 f5 2. d4 Nf6 3. c4 e6 4. g3 c6 5. Bg2 d5 6. O-O Bd6 7. b3 O-O 8. Ba3
Bxa3 9. Nxa3 Bd7 10. Nb1 Be8 11. Nbd2 Nbd7 12. Qc2 Bg6 13. Qb2 Qe7 14. Rac1 Ne4
15. b4 a6 16. a4 Bh5 17. e3 Nb6 18. c5 Nd7 19. b5 axb5 20. axb5 Nxd2 21. Qxd2
Bxf3 22. Bxf3 Nf6 23. Qb4 Rfb8 24. Rb1 Qc7 25. Rfc1 Ne4 26. Rc2 Nf6 27. Rcb2
Nd7 28. Be2 Kf7 29. Qe1 Ke7 30. Bd3 Nf6 31. bxc6 bxc6 32. Qc3 Nd7 33. f3 Rxb2
34. Rxb2 Qa7 35. e4 fxe4 36. fxe4 Qa1+ 37. Bf1 Rf8  0-1

[Event "XXVII Open Internacional Ayuntamiento de Erandio"]
[Site "Erandio"]
[Date "2018.12.17"]
[Round "3"]
[Board "4"]
[White "Galarza Docampo, Karmel"]
[Black "Sadusea, Johnny Fernando"]
[Result "0-1"]
[WhiteElo "1903"]
[BlackElo "2130"]
[PlyCount "78"]
[EventDate "2018.12.15"]
[EventRounds "8"]
[EventCountry "ESP"]

1. d4 Nf6 2. c4 e6 3. Nc3 Bb4 4. Qc2 b6 5. a3 Bxc3+ 6. Qxc3 Bb7 7. Nf3 Ne4 8.
Qc2 O-O 9. e3 f5 10. Be2 d6 11. O-O Nd7 12. b4 Rf6 13. Ne1 Rh6 14. g3 Qg5 15.
Bf3 Rf8 16. Nd3 Qe7 17. Bg2 g5 18. f3 Nef6 19. Nf2 Rg6 20. e4 fxe4 21. fxe4 e5
22. d5 Ne8 23. Be3 Ng7 24. Nd3 h6 25. c5 Nf6 26. h3 g4 27. h4 Nfh5 28. Rxf8+
Qxf8 29. Rf1 Qe7 30. Bf2 Ba6 31. Rc1 Rf6 32. Nb2 Qf8 33. cxd6 cxd6 34. Be1 Kh7
35. Qd1 Rf1+ 36. Bxf1 Qxf1+ 37. Kh2 Be2 38. Qc2 Nxg3 39. Bc3 Qf2#  0-1